Statistics for Dependent Territories

Click here to take the quiz!

General Stats

  • This quiz has been taken 38 times
  • The average score is 25 of 40

Answer Stats

Soverign StateLocationTerritory% Correct
United KingdomEuropeGibraltar
91%
United KingdomNorth AmericaBermuda
81%
United KingdomNorth AmericaBritish Virgin Islands
81%
United KingdomEuropeGuernsey
81%
United StatesNorth AmericaUS Virgin Islands
81%
United KingdomEuropeIsle of Man
78%
United KingdomSouth AmericaFalkland Islands
75%
DenmarkNorth AmericaGreenland
75%
United StatesOceaniaGuam
75%
United StatesNorth AmericaPuerto Rico
75%
The NetherlandsNorth AmericaSint Maarten
75%
FranceNorth AmericaSt. Martin
75%
The NetherlandsNorth AmericaAruba
72%
ChinaAsiaHong Kong
72%
United KingdomEuropeJersey
72%
The NetherlandsNorth AmericaCuracao
69%
United StatesOceaniaAmerican Samoa
66%
New ZealandOceaniaCook Islands
66%
DenmarkEuropeFaroe Islands
66%
ChinaAsiaMacau
66%
United KingdomNorth AmericaAnguilla
63%
FranceOceaniaFrench Polynesia
63%
FranceNorth AmericaSt. Pierre and Miquelon
63%
United KingdomNorth AmericaTurks and Caicos Islands
63%
United KingdomNorth AmericaCayman Islands
59%
United KingdomNorth AmericaMontserrat
59%
AustraliaOceaniaChristmas Islands
56%
New ZealandOceaniaNiue
56%
United KingdomEuropeAkrotiri and Dhekelia
50%
AustraliaOceaniaCocos Islands
50%
FranceOceaniaNew Caledonia
50%
NorwayEuropeSvalbard
50%
New ZealandOceaniaTokelau
50%
United KingdomAfricaSt. Helena, Ascension and Tristan de Cunha
44%
United KingdomOceaniaWallis and Futuna
41%
SwedenEuropeAland Islands
38%
AustraliaOceaniaNorfolk Islands
34%
United KingdomOceaniaPitcairn Islands
34%
FranceNorth AmericaSt. Barthelemy
31%
United StatesOceaniaNorthern Mariana Islands
19%

Score Distribution

Percentile by Number Answered

Percent of People with Each Score

Your Score History

You have not taken this quiz